000 00823cab a2200217 4500
001 WB2928-57
008 090401t1993 xxu||||| |||| 00| 0 eng d
035 _a(Sirsi) u4501
041 _aeng
245 _aHopes rise for home income compensation
260 _c1993
350 _a0
490 _aDaily Telegraph
_v22 July 1993, 23(1)
520 _aProspects for those with home income plans receiving compensation have improved after a High Court decision ruled that the Investors Compensation scheme was wrong to refuse compensation on the grounds that negligent advice was given before claimants joined the scheme.
650 _aCOMPENSATION
650 _aHOME INCOME PLANS
650 _aINVESTORS COMPENSATION SCHEMES
690 _aPROPERTY-PROPERTY FINANCE AND INVESTMENT
942 _n0
948 _c04/03/1997
999 _c2712
_d2712